| 000 | 00661nam a2200229 a 4500 | ||
|---|---|---|---|
| 001 | 12834 | ||
| 003 | BD-JhCC | ||
| 005 | 20230517130242.0 | ||
| 008 | 230517s2023 b |||| |||| 000 0 eng d | ||
| 020 | _a9789849120223 | ||
| 035 | _a(BD-JhCC)12834 | ||
| 040 |
_aBD-JhCC _dBD-JhCC |
||
| 041 | _aeng | ||
| 082 |
_a322.495492 _bREP 2023 |
||
| 110 | _aGovernment of Pakistan | ||
| 245 |
_aThe report of the Hamoodur Rehman Commission : _bof inquiry into the 1971 war / |
||
| 260 |
_aDhaka : _bProthoma Prokashan, _c2023 |
||
| 300 |
_a787 p. : _c24 cm. |
||
| 650 |
_aPolitics and goverment _zBangladesh |
||
| 710 | _aGovernment of Pakistan | ||
| 942 |
_2ddc _cBK |
||
| 999 |
_c12834 _d12834 |
||